The forever ship. #3 / Francesca Haig.
Available copies
- 1 of 1 copy available at LARL/NWRL Consortium.
Current holds
0 current holds with 1 total copy.
Show Only Available Copies
| Location | Call Number / Copy Notes | Barcode | Shelving Location | Status | Due Date |
|---|---|---|---|---|---|
| Fosston Public Library | SF HAI (Text) | 33500012618286 | Main | Available | - |
Record details
- ISBN: 9781476767208
- ISBN: 1476767203
- Physical Description: 390 pages ; 24 cm.
- Edition: First Gallery Books hardcover edition.
- Publisher: New York : Gallery Books, 2017.
Content descriptions
| Summary, etc.: | Concludes the story of psychic Omega Cass and her ... Read More |
Search for related items by subject
| Genre: | Science fiction. Dystopias. Science fiction. Dystopian fiction. Fiction. Dystopian fiction. Science fiction. |
Search for related items by series
| LDR | 02110cam a2200553Ii 4500 | ||
|---|---|---|---|
| 001 | 260352 | ||
| 003 | LARL_NWRL_CONSORTIUM | ||
| 005 | 20171207183208.0 | ||
| 008 | 171124r20172017nyu 000 1 eng d | ||
| 040 | . | ‡aCGL ‡beng ‡erda ‡cCGL ‡dOCLCO ‡dDAD ‡dOCLCO ‡dYDX ‡dBDX ‡dHQD ‡dMJ8 ‡dIK2 ‡dOQX ‡dOCLCF ‡dTXGON | |
| 019 | . | ‡a961003540 | |
| 020 | . | ‡a9781476767208 ‡q(hardcover) | |
| 020 | . | ‡a1476767203 ‡q(hardcover) | |
| 035 | . | ‡a(OCoLC)1012855754 ‡z(OCoLC)961003540 | |
| 082 | 0 | 4. | ‡a823/.92 ‡223 |
| 100 | 1 | . | ‡aHaig, Francesca, ‡eauthor. ‡0(LARL_NWRL_CONSORTIUM)221716 |
| 245 | 1 | 4. | ‡aThe forever ship. ‡n#3 / ‡cFrancesca Haig. |
| 250 | . | ‡aFirst Gallery Books hardcover edition. | |
| 264 | 1. | ‡aNew York : ‡bGallery Books, ‡c2017. | |
| 300 | . | ‡a390 pages ; ‡c24 cm. | |
| 336 | . | ‡atext ‡2rdacontent | |
| 337 | . | ‡aunmediated ‡2rdamedia | |
| 338 | . | ‡avolume ‡2rdacarrier | |
| 490 | 0 | . | ‡aFire sermon ; ‡v3 |
| 520 | . | ‡aConcludes the story of psychic Omega Cass and her powerful Alpha twin, Zach, on a dystopian world struggling for balance between a backward government and its oppressed people centuries after a nuclear apocalypse. | |
| 650 | 0. | ‡aRegression (Civilization) ‡vFiction. ‡0(LARL_NWRL_CONSORTIUM)167092 | |
| 650 | 0. | ‡aSocial stratification ‡vFiction. | |
| 650 | 0. | ‡aPsychic ability ‡vFiction. ‡0(LARL_NWRL_CONSORTIUM)166960 | |
| 650 | 0. | ‡aTwins ‡vFiction. ‡0(LARL_NWRL_CONSORTIUM)167632 | |
| 650 | 7. | ‡2fast ‡aPsychic ability ‡0(LARL_NWRL_CONSORTIUM)37125 | |
| 650 | 7. | ‡aRegression (Civilization) ‡2fast ‡0(LARL_NWRL_CONSORTIUM)29613 | |
| 650 | 7. | ‡2fast ‡aSocial stratification ‡0(LARL_NWRL_CONSORTIUM)161337 | |
| 650 | 7. | ‡aTwins. ‡2fast ‡0(LARL_NWRL_CONSORTIUM)178478 | |
| 650 | 1. | ‡aTwins ‡xFiction. | |
| 650 | 4. | ‡aSocial classes ‡vFiction. ‡0(LARL_NWRL_CONSORTIUM)167306 | |
| 655 | 7. | ‡aScience fiction. ‡2gsafd | |
| 655 | 7. | ‡aDystopias. ‡2gsafd | |
| 655 | 7. | ‡aScience fiction. ‡2lcgft | |
| 655 | 7. | ‡aDystopian fiction. ‡2lcgft | |
| 655 | 7. | ‡aFiction. ‡2fast | |
| 655 | 4. | ‡aDystopian fiction. | |
| 655 | 4. | ‡aScience fiction. | |
| 901 | . | ‡a260352 ‡bOCoLC ‡c260352 ‡tbiblio ‡soclc | |

Add to basket
Permalink
Disable Highlighting